LEADER 01051cam0-2200337---450- 001 990004685380403321 005 20101118115810.0 010 $a2-89007-547-8 035 $a000468538 035 $aFED01000468538 035 $a(Aleph)000468538FED01 035 $a000468538 100 $a19990604d1984----km-y0itay50------ba 101 0 $afre 102 $aCA 105 $aa-------001yy 200 1 $aFête noble en Bourgogne au XV siècle$ele banquet du Faisan (1454)$easpects politiques, sociaux et culturels$fpar Agathe Lafortune-Martel 210 $aMontrèal , Paris$cBellarmin , Vrin$d1984. 215 $a206 p.$cill.$d21 cm 225 1 $aCahiers d'Études Médiévales$v8 610 0 $aFeste$aFrancia$aSec. 15. 676 $a306.48 676 $a390.2309024 700 1$aLafortune-Martel,$bAgathe$0186907 801 0$aIT$bUNINA$gRICA$2UNIMARC 901 $aBK 912 $a990004685380403321 952 $a306.48 LAF 1$bBibl.13487$fFLFBC 959 $aFLFBC 996 $aFête noble en Bourgogne au XV siècle$9554474 997 $aUNINA LEADER 01120nam0-22003491i-450- 001 990001068040403321 005 20040519133052.0 010 $a90-277-0692-1 035 $a000106804 035 $aFED01000106804 035 $a(Aleph)000106804FED01 035 $a000106804 100 $a20020001d--------km-y0itay50------ba 101 0 $aeng 200 1 $aLong-Time Predictions in Dynamics$eProceedings of the NATO Advanced Study Institute held in Cortina d'Ampezzo, Italy, August 3-16, 1975$fedited by V. Szebehely and B.D. Tapley 210 $aDordrecht (NL)$cReidel$d1976 225 1 $aNATO ASI series$hSeries C$iMathematical and physical sciences$v26 610 0 $aGeometria algebrica 610 0 $aTopologia 610 0 $aTopologia algebrica 610 0 $aSistemi dinamici 610 0 $aFrattali matematici 676 $a513 700 1$aSzebehely,$bVictor$050849 702 1$aTapley,$bB. D. 801 0$aIT$bUNINA$gRICA$2UNIMARC 901 $aBK 912 $a990001068040403321 952 $a11-147F$b10322$fFI1 959 $aFI1 996 $aLong-Time Predictions in Dynamics$9340135 997 $aUNINA